Kenya economic reforms for 1996-1998 : the policy framework paper.
| Format: | Book |
|---|---|
| Published: |
Nairobi:
The Government of Kenya,
1996.
|
| Subjects: |
| LEADER | 00472cam a2200157 7i4500 | ||
|---|---|---|---|
| 001 | 0000006323 | ||
| 005 | 19991025090000.0 | ||
| 002 | ##000008004 | ||
| 020 | 0 | 0 | |a T000006142 |
| 090 | 0 | 0 | |a KENA 338.9 |b KEN |
| 245 | 0 | 0 | |a Kenya economic reforms for 1996-1998 : |b the policy framework paper. |
| 260 | 0 | 0 | |a Nairobi: |b The Government of Kenya, |c 1996. |
| 300 | 0 | 0 | |a 68 p.. |
| 650 | 0 | 0 | |a Kenya -- |x Economic policy |
| 651 | 0 | 0 | |a Kenya |
| 999 | |a 0000008225 |b Book |c Open shelf |e Business Information Centre | ||